Album Decades - Multiple Choice - Statistics

General Stats
  • This quiz has been taken 20 times
  • The average score is 8 of 12
Answer Stats
Question Answer % Correct
Bad 1980s
95%
Abbey Road 1960s
89%
In Utero 1990s
79%
Paranoid 1970s
74%
Synchronicity 1980s
74%
Back in Black 1980s
68%
Electric Ladyland 1960s
63%
The Velvet Underground & Nico 1960s
58%
Animals 1970s
53%
The Bends 1990s
53%
Loveless 1990s
47%
Tattoo You 1980s
32%
No matching quizzes found
Score Distribution
Percent of People with Each Score
Percentile by Number Answered
Your Score History
You have not taken this quiz